|
|
|
|
| LEADER |
01084cam a2200313Ia 4500 |
| 001 |
9780203498514 |
| 003 |
FlBoTFG |
| 005 |
20091230162919.0 |
| 006 |
a|||||s||||||||||| |
| 007 |
cr|||| |
| 008 |
921009s1992 enkb sb 000 0ceng d |
| 020 |
|
|
|a 9780203498514 (e-book : PDF)
|
| 040 |
|
|
|a FlBoTFG
|c FlBoTFG
|d GrThAP
|
| 043 |
|
|
|a f-ua---
|
| 090 |
|
|
|a DT76
|b .D38 1992
|
| 092 |
|
|
|a 920.032
|b D249
|
| 100 |
1 |
|
|a David, A. Rosalie
|q (Ann Rosalie)
|
| 245 |
1 |
2 |
|a A biographical dictionary of ancient Egypt
|h [electronic resource] /
|c by Rosalie and Antony E. David.
|
| 260 |
|
|
|a London :
|b Seaby,
|c 1992.
|
| 300 |
|
|
|a xxvi, 179 p. :
|b maps.
|
| 504 |
|
|
|a Includes bibliographical references (p. 179).
|
| 530 |
|
|
|a Also available in print edition.
|b CRC Press (http://www.crcpress.com)
|
| 538 |
|
|
|a Mode of access: World Wide Web.
|
| 651 |
|
0 |
|a Egypt
|x Biography.
|
| 651 |
|
0 |
|a Egypt
|x History
|y To 640 A.D.
|
| 655 |
|
7 |
|a Electronic books.
|2 lcsh
|
| 700 |
1 |
|
|a David, Antony E.
|
| 776 |
1 |
|
|z 9781852640323
|
| 856 |
4 |
0 |
|u http://www.tandfebooks.com/isbn/9780203498514
|z Full Text via HEAL-Link
|